| 000 | 00506nam a2200193Ia 4500 | ||
|---|---|---|---|
| 005 | 20250508151905.0 | ||
| 008 | 008 250505s9999 xx 000 0 san d | ||
| 037 | _aTextual | ||
| 040 |
_aFEDL _beng _cFEDL |
||
| 041 |
_asan _2eng |
||
| 084 |
_a370.15, SUK _qFEDL |
||
| 100 |
_aSukhtankar S.B. _9760295 |
||
| 245 | 0 | _aSheshanik manassastra | |
| 260 | _c1942 | ||
| 300 | _a286p. | ||
| 650 |
_aEducation - Psychology _9755527 |
||
| 942 |
_cTEXL _h370.15, SUK |
||
| 999 |
_c1332742 _d1332742 |
||